Limitaciones a los Derechos Humanos /
Guardado en:
| Autor Principal: | |
|---|---|
| Formato: | Libro |
| Idioma: | Spanish |
| Publicado: |
Buenos Aies :
Alveroni,
2003
|
| Materias: | |
| Etiquetas: |
Agregar Etiqueta
Sin Etiquetas, Sea el primero en etiquetar este registro!
|
| LEADER | 00777nam a22001575a 4500 | ||
|---|---|---|---|
| 001 | DER.der012646 | ||
| 008 | 180615s2003####ag#||||||||||||||#||spa|| | ||
| 005 | 20260414150838.0 | ||
| 245 | 1 | 0 | |a Limitaciones a los Derechos Humanos / |c Miguel Ángel Ortiz Pellegrini. |
| 260 | |a Buenos Aies : |b Alveroni, |c 2003 | ||
| 300 | |a 194 p. | ||
| 500 | |a Las limitaciones permanentes a los derechos. Las limitaciones excepcionales: Los derechos y los estados de excepción. Mecanismos institucionales extraordinarios para situaciones de emergencia o excepción. Emergencia y derechos. Emergencia y diseño institucional: Hacia un replanteo del presidencialismo. | ||
| 020 | |a 9871145039 | ||
| 100 | 1 | |a Ortiz Pellegrini, Miguel Angel | |
| 650 | 7 | |a DERECHOS HUMANOS | |
| 859 | |a DERECHO |b BIB. DERECHO |h 323 |i ORT |p 007495 | ||
